00925 2200337 4500001002100000005001500021035002000036007000300056040001600059100002600075245004300101300003400144504002400178020002200202041000800224082001000232084001600242090002300258264003800281336002100319337003000340338002300370650001900393700003500412850001000447008004100457250001300498500002800511990002400539990002400563INLIS00000000000450820260525115601 a0010-0122000140ta aSPBUPDbind0 aJingga Z.KePengarang1 aBagaimana Menulis Berita /cJingga Z.K avi, 68 hal. :billus. ;c21cm abibliografi, 65 hlm a978-602-8712-02-60 aind a070.4 a070.4 JIN b a499.215 BUH k 1-20 a.--Bandung :bPuri Pustaka,c2009 2rdacontentaTeks 2rdamediaaTanpa Perantara 2rdacarrieravolume 4amenulis berita aeditor, Edi WarsidiePengarang aPUPAD260525 0  a.-Cet. 1 atentang penulis, hlm 67 a027/S/KAPD.PDG/2012 a028/S/KAPD.PDG/2012